[Event "AUTO-ELITE-1183"]
[Site "http://www.queenalice.com/game.php?id=1201543"]
[Date "2013.7.21"]
[Round "1"]
[White "danbotoy"]
[Black "boydelta"]
[Result "1-0"]
[WhiteElo "2544"]
[BlackElo "2263"]

1. Nf3 d5 2. d4 Nf6 3. c4 e6 4. e3 b6 5. Ne5 c6 6. Nc3 Bd6 7. cxd5 exd5 8. f4
O-O 9. Be2 c5 10. O-O Bb7 11. Bf3 Na6 12. Qb3 Ne4 13. Nxd5 cxd4 14. Bxe4 Bxe5
15. fxe5 Nc5 16. Qc2 Nxe4 17. Qxe4 Bxd5 18. Qxd4 Rc8 19. e4 Be6 20. Rd1 Qh4 21.
g3 Qe7 22. Be3 Rfd8 23. Qa4 h6 24. Rd6 Rc4 25. Rxd8+ Qxd8 26. Qxa7 Qd3 27. Re1
1-0

[Event "AUTO-ELITE-1183"]
[Site "http://www.queenalice.com/game.php?id=1201544"]
[Date "2013.7.21"]
[Round "1"]
[White "boydelta"]
[Black "kookaburra"]
[Result "0-1"]
[WhiteElo "2340"]
[BlackElo "2190"]

1. e4 d5 2. e5 c5 3. d4 Nc6 4. dxc5 Bf5 5. Bb5 Qa5+ 6. Nc3 a6 7. Bxc6+ bxc6 8.
a3 Qxc5 9. Be3 Qa5 10. Nf3 e6 11. b4 Qc7 12. Na4 Bg4 13. Bd4 Ne7 14. O-O Nf5 15.
Bc5 Bxc5 16. Nxc5 O-O 17. h3 Bxf3 0-1

[Event "AUTO-ELITE-1183"]
[Site "http://www.queenalice.com/game.php?id=1201545"]
[Date "2013.7.21"]
[Round "1"]
[White "kookaburra"]
[Black "boydelta"]
[Result "1-0"]
[WhiteElo "2207"]
[BlackElo "2323"]

1. e4 c5 2. Nc3 Nc6 3. Nf3 Qb6 4. Bc4 e6 5. d3 a6 6. O-O Qc7 7. d4 cxd4 8. Nxd4
b5 9. Bb3 Nf6 10. Nxc6 dxc6 11. Bg5 c5 12. a4 c4 13. Ba2 Qc6 14. e5 Bb7 15. f3
Qc5+ 16. Kh1 Qxe5 17. Bxf6 gxf6 18. Re1 Qf5 19. Ne4 Rd8 20. Qe2 1-0

[Event "AUTO-ELITE-1197"]
[Site "http://www.queenalice.com/game.php?id=1211906"]
[Date "2013.8.27"]
[Round "1"]
[White "FabioDavid"]
[Black "boydelta"]
[Result "1-0"]
[WhiteElo "2358"]
[BlackElo "2432"]

1. e4 d6 2. d4 Nf6 3. Nc3 g6 4. Be3 Bg7 5. h3 O-O 6. Nf3 c5 7. d5 b5 8. a3 a6 9.
Be2 Nbd7 10. O-O Qc7 11. Qd3 c4 12. Qd2 Nc5 13. Bxc5 Qxc5 14. Rad1 Bb7 15. Rfe1
Nd7 16. Nd4 Nb6 17. Kh1 Rad8 18. f4 Rb8 19. Qe3 Ba8 20. Bf3 Rfc8 21. Re2 Re8 22.
g4 Nd7 23. Nc6 Qxe3 24. Rxe3 Rbc8 25. e5 dxe5 26. Nxe5 Nxe5 27. fxe5 e6 28. Rf1
exd5 29. Bxd5 Rxe5 30. Rxe5 Bxe5 31. Bxa8 Rxa8 32. Rb1 Rd8 33. Ne4 f6 34. Kg1 h6
35. c3 Rd3 36. Kg2 f5 37. gxf5 gxf5 38. Nc5 Rg3+ 39. Kf2 Rxh3 40. Nxa6 Kf7 41.
Nb4 1-0

[Event "AUTO-ELITE-1197"]
[Site "http://www.queenalice.com/game.php?id=1211907"]
[Date "2013.8.27"]
[Round "1"]
[White "boydelta"]
[Black "FabioDavid"]
[Result "0-1"]
[WhiteElo "2423"]
[BlackElo "2372"]

1. e4 e5 2. Nf3 Nc6 3. Bb5 a6 4. Ba4 Nf6 5. O-O Nxe4 6. Re1 Nc5 7. Nxe5 Nxe5 8.
Rxe5+ Be7 9. Bb3 O-O 10. d4 Nxb3 11. axb3 d6 12. Re1 Bf5 13. c4 Qd7 14. Nc3 Rfe8
15. b4 Be6 16. d5 Bf5 17. Be3 Bf6 18. Qd2 Bg6 19. f3 h6 20. Bd4 Bxd4+ 21. Qxd4
Qf5 22. c5 Qd7 23. Kf2 f6 24. h4 Bf7 25. Rxe8+ Rxe8 26. Re1 Rxe1 27. Kxe1 Qe7+
28. Kd2 f5 29. g3 Bh5 30. Qe3 Kf8 31. Qf4 dxc5 32. bxc5 Qxc5 33. Qxf5+ Bf7 34.
Qf4 Kg8 35. Qf5 b5 36. Qc8+ Kh7 37. Qxa6 b4 38. Qd3+ Kh8 39. Ne4 Qg1 40. b3 Qa1
0-1

[Event "AUTO-ELITE-1200"]
[Site "http://www.queenalice.com/game.php?id=1213969"]
[Date "2013.9.3"]
[Round "1"]
[White "boydelta"]
[Black "FabioDavid"]
[Result "0-1"]
[WhiteElo "2442"]
[BlackElo "2343"]

1. d4 Nf6 2. c4 e6 3. Nf3 b6 4. Nc3 Bb4 5. Bd2 Bb7 6. a3 Bxc3 7. Bxc3 d6 8. b4
Ne4 9. Bb2 O-O 10. e3 Qf6 11. Qc2 Qg6 12. Bd3 f5 13. d5 e5 14. Nh4 Qg5 15. Nxf5
Qxf5 16. Bxe4 Qh5 17. O-O Nd7 18. f4 Nf6 19. Bf5 Rfe8 20. fxe5 dxe5 21. Rf3 h6
22. Bg6 Qg4 0-1

[Event "AUTO-ELITE-1200"]
[Site "http://www.queenalice.com/game.php?id=1213970"]
[Date "2013.9.3"]
[Round "1"]
[White "FabioDavid"]
[Black "boydelta"]
[Result "1-0"]
[WhiteElo "2327"]
[BlackElo "2453"]

1. e4 c6 2. d4 d5 3. e5 c5 4. dxc5 e6 5. Qg4 h5 6. Qg3 Ne7 7. Bd3 Nd7 8. Be3
Qa5+ 9. Nc3 Nxc5 10. Bxc5 Qxc5 11. Nf3 g6 12. O-O Bd7 13. Ne2 Nf5 14. Qg5 Bh6
15. Qf6 Bg7 16. Qg5 Bb5 17. Qd2 Bxd3 18. Qxd3 Rc8 19. c3 h4 20. Rfe1 Qc4 21. Qd1
h3 22. g3 Bf8 23. Qb3 Qa6 24. a4 Rc5 25. a5 Rc4 26. Qd1 1-0